MARC

LEADER 00000nam0a2200000 4500
001 58432
005 20231031055050.0
010 |a 5949870115 
035 |a (RuTPU)RU\TPU\book\61715 
090 |a 58432 
100 |a 20031202d2003 m y0rusy50 ca 
101 0 |a rus 
102 |a RU 
105 |a y e 001zy 
200 1 |a Географические названия России  |e топонимический словарь  |e около 3000 единиц  |f Е. М. Поспелов 
210 |a Москва  |c Книжная находка  |d 2003 
215 |a 349 с. 
320 |a Список временных названий, существовавших после 1917 года: с. 340-341 
320 |a Именной указатель: с. 342-348 
610 1 |a языкознание 
610 1 |a топонимика 
610 1 |a географические названия 
610 1 |a Россия 
610 1 |a города 
610 1 |a населенные пункты 
610 1 |a реки 
610 1 |a озера 
610 1 |a горные системы 
610 1 |a хребты 
610 1 |a моря 
610 1 |a заливы 
610 1 |a бухты 
610 1 |a острова 
610 1 |a полуострова 
610 1 |a мысы 
610 1 |a словари 
675 |a 91(47+57)(038)  |v 3 
686 |a Ш141.2-3  |v LBC/SL-A  |2 rubbk 
700 1 |a Поспелов  |b Е. М.  |g Евгений Михайлович 
801 1 |a RU  |b 63413507  |c 20031202  |g PSBO 
801 2 |a RU  |b 63413507  |c 20110302  |g PSBO 
942 |c BK